[Event "4NCL 2019-20"]
[Site "Daventry"]
[Date "2020.03.01"]
[Round "2"]
[White "Greet, Andrew N"]
[Black "Rogers, Jonathan W"]
[Result "1/2-1/2"]
[WhiteElo "2425"]
[BlackElo "2335"]
[Annotator "TA"]
[PlyCount "127"]
[EventDate "2020.01.11"]
[EventCountry "ENG"]
[SourceTitle "playchess.com"]
[Source "ChessBase"]
[SourceQuality "1"]

{[%evp 17,127,-7,0,0,2,8,18,0,0,0,0,-9,0,0,0,0,11,-37,-31,-29,36,39,43,0,0,0,0,0,9,0,10,0,0,-12,0,0,0,0,0,0,12,0,0,0,0,0,0,0,29,0,27,-20,15,0,0,-22,0,0,0,0,0,-37,0,0,0,0,0,0,0,0,0,0,0,0,0,0,0,0,8,0,0,0,0,0,0,0,0,0,0,0,0,0,0,0,0,0,0,0,0,0,7,0,0,0,0,0,0,0,0,0,0,0]} 1. Nf3 Nc6 2. c4 e5 3. Nc3 f5 4. d4 e4 5. d5 exf3 6. dxc6 fxg2 7. cxd7+ Qxd7 8. Qxd7+ Bxd7 9. Bxg2 O-O-O {9...c6 is more fashionable.} 10. Be3 {[#] A27: English Opening: Three Knights Variation.} Ne7 $146 ({Predecessor:} 10... Bb4 11. Rc1 Ne7 12. a3 Bxc3+ 13. Rxc3 Bc6 14. Bg5 Bxg2 15. Rg1 Rd7 16. Bxe7 Rxe7 17. Rxg2 Rhe8 {½-½ (32) Aronyak,G (2332)-Petrov,N (2595) Abu Dhabi 2019}) 11. O-O-O Nc6 12. Nb5 a6 13. Bxc6 bxc6 14. Nc3 Bd6 15. Na4 Be6 16. b3 Rhe8 17. Bd4 Bf7 18. Rd2 Bf4 (18... Bh5 $11) 19. e3 $14 Bh6 20. f4 g5 21. Be5 g4 22. Rxd8+ Kxd8 23. Kd2 Bf8 24. Ke2 h5 25. Nc3 Be7 26. Kf2 h4 27. Ne2 c5 28. Nc3 Kd7 29. Rd1+ Kc6 30. Nd5 Bd6 31. Bf6 h3 32. Nc3 Re6 33. Bh4 (33. Bg5 {looks sharper.} Re8 34. Re1 Bf8 35. e4 fxe4 36. Bf6) 33... Rh6 34. Bg3 (34. Kg3 {is interesting.} Be6 35. Re1 Bc8 36. e4 Bxf4+ 37. Kxf4 Rxh4 38. exf5 Rh5 39. Re5) 34... Bg6 35. Ke1 Rh8 36. Rd3 Be7 37. Rd5 Re8 38. Kd2 Bf6 39. Nd1 Rd8 40. Rxd8 {The position is equal.} Bxd8 $11 {[%mdl 4096] Endgame KBB-KBN} 41. Nf2 Bf6 {[#]} 42. e4 $1 {[%mdl 512]} Bd4 (42... fxe4 43. Nxg4) 43. e5 Be8 44. Nd1 Bf7 45. Ne3 Be6 46. Nc2 Bg1 47. Ke2 Kb6 48. Kf1 Bd4 $1 49. Bf2 Bb2 50. Ke2 Bc1 51. Ne3 Kc6 52. Kd3 Bf7 53. Bg3 ({Don't blunder} 53. Nxf5 $2 Bg6 $19) 53... Be6 54. Nd1 Bf7 55. Kc2 Ba3 56. Ne3 Be6 57. Bf2 Bb4 58. Nf1 Ba3 59. Ng3 Kd7 60. Be1 Ke7 61. Bc3 Bd7 62. Bb2 Bb4 {Threatening ...Be1.} 63. Bc3 Ba3 64. Bb2 {Accuracy: White = 89%, Black = 88%.} 1/2-1/2

[Event "4NCL 2019-20"]
[Site "Daventry"]
[Date "2020.03.01"]
[Round "2"]
[White "Kvetny, Mark"]
[Black "Abbas, Daniel"]
[Result "1-0"]
[WhiteElo "2420"]
[BlackElo "2251"]
[Annotator "TA"]
[PlyCount "94"]
[EventDate "2020.01.11"]
[EventCountry "ENG"]
[SourceTitle "playchess.com"]
[Source "ChessBase"]
[SourceQuality "1"]

{[%evp 13,94,0,0,0,0,0,4,0,51,64,68,40,60,42,95,90,90,89,89,89,95,90,101,98,110,109,109,107,109,105,135,138,170,182,212,212,202,208,204,202,201,196,198,192,168,185,254,254,330,324,268,256,475,309,510,497,831,831,932,134,132,0,765,334,29975,29977,29977,29978,29978,29979,29979,29980,29980,29981,29981,29982,29982,29983,29983,29984,29984,29985,29985]} 1. d4 Nf6 2. Nf3 e6 3. Bf4 c5 4. e3 d5 5. Nbd2 Nc6 6. c3 Bd6 7. Bg3 O-O 8. Bb5 {D02: 1 d4 d5 2 Nf3 sidelines, including 2...Nf6 3 g3 and 2...Nf6 3 Bf4.} Qe7 9. Bxc6 bxc6 10. Qa4 {The position is equal.} Bb7 {[#]} (10... Bxg3 $11 11. hxg3 cxd4 12. cxd4 (12. Nxd4 c5 $15) 12... Rb8) 11. Qa3 $146 ({Predecessor:} 11. Bxd6 Qxd6 12. Qa3 Rfd8 13. Nb3 c4 14. Qxd6 Rxd6 15. Nc5 Bc8 16. b3 cxb3 17. axb3 {1-0 (52) Naiditsch,A (2698)-Sun,Y (1997) Jiangmen 2018}) 11... Nd7 12. Bxd6 (12. Nb3 {seems wilder.} Rfb8 13. Bxd6 Qxd6 14. Nxc5 Nxc5 15. Qxc5 Qc7 16. b3) 12... Qxd6 13. Nb3 f6 ({Black should try} 13... Qc7 $14) 14. Nxc5 Nxc5 15. Qxc5 Qxc5 16. dxc5 e5 17. b4 a5 18. a4 Ba6 19. Kd2 Rfb8 20. Rhb1 Kf7 21. Ne1 ({Of course not} 21. bxa5 $6 Rxb1 22. Rxb1 Bc4 $14) 21... Bc4 22. Nc2 Ke7 23. Na3 axb4 24. Nxc4 {Threatens to win with Nb6.} ({Don't play} 24. cxb4 $6 Ba6 $16) 24... bxc3+ 25. Kxc3 {Strongly threatening Nb6.} Rxb1 26. Rxb1 dxc4 $18 {[%mdl 4096] Endgame KR-KR} 27. Ra1 $1 Kd7 28. a5 Kc7 29. a6 h5 (29... Rd8 {was worth a try.} 30. Kxc4 h5) 30. h4 ({But not} 30. Kxc4 $6 Rd8 $16) 30... Ra7 31. Kxc4 Ra8 32. Ra3 Ra7 $2 (32... Rg8 33. f3 Ra8) 33. Kd3 Ra8 $2 (33... Kc8 34. Ke4 g6) 34. Ke4 g6 (34... Kd7 $142 35. Kf5 Ra7) 35. a7 Kb7 36. Rb3+ $2 (36. Ra4 $18 {has better winning chances. Black must now prevent f3.} Kc7 37. f4) 36... Kc7 $16 37. Ra3 $2 {[%mdl 8192]} (37. Rd3 $16) 37... Kb7 $18 38. Rd3 (38. Ra4 $142 Kc7 39. f4) 38... Rxa7 $2 (38... Kc7 $18 39. Rd6 Rxa7 40. Rxf6 Ra5 41. Rxg6 Rxc5) 39. Rd7+ {White mates.} Kb8 40. Rxa7 Kxa7 {[#] KP-KP} 41. f4 $1 {[%cal Rf4e5]} exf4 42. exf4 Ka6 43. f5 gxf5+ 44. Kxf5 Kb5 {[#]} 45. g4 $1 hxg4 46. Kxg4 Kxc5 47. h5 Kd5 {Accuracy: White = 81%, Black = 49%.} 1-0

[Event "4NCL 2019-20"]
[Site "Daventry"]
[Date "2020.03.01"]
[Round "2"]
[White "Harvey, Marcus R"]
[Black "Pigott, John C"]
[Result "1-0"]
[WhiteElo "2419"]
[BlackElo "2370"]
[Annotator "TA"]
[PlyCount "109"]
[EventDate "2020.01.11"]
[EventCountry "ENG"]
[SourceTitle "playchess.com"]
[Source "ChessBase"]
[SourceQuality "1"]

{[%evp 9,109,17,23,26,26,-22,-21,-44,-9,-8,0,0,0,0,0,-13,0,0,12,15,17,10,6,8,10,4,22,20,27,0,11,6,12,6,7,7,10,6,7,7,7,0,5,0,7,0,0,0,33,21,31,22,38,20,18,22,19,20,16,29,70,60,44,19,25,16,12,0,17,0,25,22,169,169,169,169,154,150,122,106,168,159,157,152,126,86,146,132,165,157,270,270,270,271,326,246,754,664,575,472,737,675]} 1. c4 e5 2. Nc3 d6 3. g3 f5 4. d4 Be7 5. Bg2 c6 6. dxe5 {A21: English Opening: 1...e5 2 Nc3.} dxe5 7. Qc2 Nf6 {[#]} 8. Bg5 $146 {The position is equal.} ({Predecessor:} 8. Bd2 Be6 9. O-O-O Qc7 10. b3 a5 11. Nf3 O-O 12. Ng5 Bd7 13. Be3 h6 14. Nh3 {0-1 (32) Lepri,L-Galeno,G Vitinia 1996}) 8... O-O 9. Nf3 e4 10. Rd1 Qe8 {[#] And now ...h6 would win.} 11. Nd4 $1 Qh5 12. Bf4 Na6 13. f3 exf3 14. exf3 Qf7 15. b3 ({Don't play} 15. Nxf5 Qe6+ 16. Ne3 Nh5 $17) 15... Re8 16. O-O g6 17. Be3 Nc5 18. Rfe1 Bd7 19. Kh1 a5 20. Bg1 Bf8 21. f4 Rxe1 22. Rxe1 Re8 23. Rxe8 (23. Rd1 {with more complications.} Qe7 24. Nf3 Bg7 25. Ne5 Bc8 26. Re1) 23... Qxe8 24. Nf3 Bc8 25. Ne5 Nfd7 26. Nf3 Qe7 27. Bd4 Ne6 28. Bf2 (28. Be3 {seems wilder.} Bg7 29. Kg1 Ndc5 30. Kf1 Qd6 31. Qd2) 28... Qb4 29. Be1 Qd6 30. Na4 b6 31. Bf2 c5 32. Qe2 Bg7 33. Qd2 Qxd2 34. Nxd2 Nd8 35. Bd5+ Kh8 36. Nb1 Bb7 37. Nbc3 Bxc3 38. Nxc3 Kg7 39. Be1 Kf6 40. Kg2 Bxd5+ (40... Ke7 $11 {and Black is okay.}) 41. Nxd5+ $18 Ke6 {[#]} 42. Nxb6 $1 {[%mdl 64] Remove Defender} Nxb6 43. Bxa5 Nxc4 44. Bxd8 {[%mdl 4096] Endgame KB-KN} Nd2 (44... Nb2 $16) 45. Kf2 Kd5 46. Ke2 Ne4 47. Ke3 Kc6 (47... c4 $142) 48. a4 $16 Kd7 49. Ba5 Kc6 (49... Nf6 $16) 50. b4 $18 cxb4 51. Bxb4 Nf6 52. Kd4 Ng4 $2 (52... Nd5) 53. h4 {White is clearly winning.} Nf2 54. Be1 Ne4 (54... Ng4 $142 55. Bc3 h6) 55. Ke5 {Accuracy: White = 91%, Black = 63%.} 1-0

[Event "4NCL 2019-20"]
[Site "Daventry"]
[Date "2020.03.01"]
[Round "2"]
[White "Palliser, Richard J D"]
[Black "Pert, Nicholas"]
[Result "1/2-1/2"]
[WhiteElo "2399"]
[BlackElo "2558"]
[Annotator "TA"]
[PlyCount "27"]
[EventDate "2020.01.11"]
[EventCountry "ENG"]
[SourceTitle "playchess.com"]
[Source "ChessBase"]
[SourceQuality "1"]

{[%evp 9,27,0,7,14,14,0,0,0,-5,-10,-18,-18,0,-39,-24,-25,0,-45,0,-49]} 1. d4 Nf6 2. Bg5 d5 3. Bxf6 gxf6 4. c4 dxc4 5. e3 Rg8 6. Nc3 {D00: 1 d4 d5: Unusual lines.} Nd7 7. Qh5 Nb6 8. Qxh7 Rg6 {[#]} 9. O-O-O $146 ({Predecessor:} 9. Nge2 Qd6 10. O-O-O f5 11. Nf4 Rh6 12. Qg8 Bd7 13. Be2 Qf6 14. Nh5 Qg6 15. Qxg6 fxg6 {½-½ (44) Papadakis,M (2211)-Banikas,H (2626) Achaea 2012}) 9... Bf5 10. e4 Bg4 11. Be2 Rh6 12. Qg8 Rg6 13. Qh7 Rh6 14. Qg8 {White took control after the opening. Accuracy: White = 88%, Black = 100%.} 1/2-1/2

[Event "4NCL 2019-20"]
[Site "Daventry"]
[Date "2020.03.01"]
[Round "2"]
[White "Jackson, James P"]
[Black "Houska, Jovanka"]
[Result "1-0"]
[WhiteElo "2392"]
[BlackElo "2401"]
[Annotator "ChessBase"]
[PlyCount "83"]
[EventDate "2020.01.11"]
[EventCountry "ENG"]
[SourceTitle "playchess.com"]
[Source "ChessBase"]
[SourceQuality "1"]
[TimeControl "40/6000:3000+30"]

1. e4 {[%emt 0:00:00]} c6 {[%emt 0:00:51]} 2. d4 {[%emt 0:00:00]} d5 {[%emt 0:00:00]} 3. e5 {[%emt 0:00:00]} Bf5 {[%emt 0:00:00]} 4. h4 {[%emt 0:00:00]} h5 {[%emt 0:00:00]} 5. Bd3 {[%emt 0:00:00]} Bxd3 {[%emt 0:00:00]} 6. Qxd3 {[%emt 0:00:00]} Qa5+ {[%emt 0:00:00]} 7. Nd2 {[%emt 0:00:00]} e6 {[%emt 0:00:00]} 8. Ne2 {[%emt 0:00:00]} Nh6 {[%emt 0:00:00]} 9. Ng3 {[%emt 0:04:21]} Qa6 {[%emt 0:00:00]} 10. c4 {[%emt 0:00:38]} c5 {[%emt 0:00:00]} 11. dxc5 {[%emt 0:19:03]} Nc6 {[%emt 0:04:40]} 12. O-O {[%emt 0:02:55]} Bxc5 {[%emt 0:14:37]} 13. Nf3 {[%emt 0:03:52]} Qxc4 {[%emt 0:02:41]} 14. Qxc4 {[%emt 0:00:03]} dxc4 {[%emt 0:00:00]} 15. Bxh6 {[%emt 0:00:00]} Rxh6 {[%emt 0:00:43]} 16. Rfc1 {[%emt 0:00:00]} Na5 {[%emt 0:06:26]} 17. b3 {[%emt 0:07:07]} Ba3 {[%emt 0:05:31]} 18. Rc2 {[%emt 0:00:00]} b5 {[%emt 0:07:27]} 19. Rb1 {[%emt 0:09:57]} a6 {[%emt 0:01:46]} 20. Ne4 {[%emt 0:01:54]} Rg6 {[%emt 0:23:51]} 21. g3 {[%emt 0:12:46]} Be7 {[%emt 0:01:35]} 22. Nfg5 {[%emt 0:03:22]} Rd8 {[%emt 0:01:10]} 23. Kg2 {[%emt 0:07:04]} Rd3 {[%emt 0:03:51]} 24. f4 {[%emt 0:08:56]} f6 {[%emt 0:05:12]} 25. Nf3 {[%emt 0:03:07]} Nc6 {[%emt 0:00:04]} 26. bxc4 {[%emt 0:01:27]} b4 {[%emt 0:01:32]} 27. Rb3 {[%emt 0:00:27]} Rxf3 {[%emt 0:02:16]} 28. Rxf3 {[%emt 0:00:00]} Nd4 {[%emt 0:00:00]} 29. Rd2 {[%emt 0:00:00]} Nxf3 {[%emt 0:00:00]} 30. Kxf3 {[%emt 0:00:00]} fxe5 {[%emt 0:00:00]} 31. fxe5 {[%emt 0:00:00]} Rg4 {[%emt 0:00:00]} 32. c5 {[%emt 0:00:00]} Rxe4 {[%emt 0:00:00]} 33. Kxe4 {[%emt 0:00:00]} Bxc5 {[%emt 0:00:00]} 34. Rc2 {[%emt 0:00:00]} Bg1 {[%emt 0:00:33]} 35. Rc6 {[%emt 0:02:13]} Kf7 {[%emt 0:00:40]} 36. Rxa6 {[%emt 0:00:00]} Bf2 {[%emt 0:00:00]} 37. Kf4 {[%emt 0:00:00]} Bd4 {[%emt 0:00:05]} 38. Rd6 {[%emt 0:00:00]} Bb2 {[%emt 0:00:47]} 39. Rd7+ {[%emt 0:00:43]} Kf8 {[%emt 0:00:00]} 40. Rc7 {[%emt 0:00:07]} Bc3 {[%emt 0:04:31]} 41. Rxc3 {[%emt 0:50:48]} bxc3 {[%emt 0:50:36]} 42. Ke3 {[%emt 0:00:05]} 1-0

[Event "4NCL 2019-20"]
[Site "Daventry"]
[Date "2020.03.01"]
[Round "2"]
[White "Ashton, Adam G"]
[Black "Reimanis, Ritvars"]
[Result "1/2-1/2"]
[WhiteElo "2379"]
[BlackElo "2370"]
[Annotator "TA"]
[PlyCount "26"]
[EventDate "2020.01.11"]
[EventCountry "ENG"]
[SourceTitle "playchess.com"]
[Source "ChessBase"]
[SourceQuality "1"]

{[%evp 12,26,12,10,23,17,35,22,39,28,28,27,17,12,41,29,53]} 1. e4 c5 2. Nf3 Nc6 3. c3 Nf6 4. e5 Nd5 5. Bc4 Nb6 6. Bb3 d6 7. exd6 e6 {B22: Sicilian: 2 c3.} 8. d4 Bxd6 $1 {[%mdl 4] now scores much better than the old 8...cxd4.} 9. O-O O-O {The position is equal.} 10. Re1 Qc7 11. dxc5 Bxc5 12. Nbd2 {[#]} Be7 $146 ({Predecessor:} 12... Rd8 13. Qe2 Nd5 14. Ne4 Be7 15. Bc2 Nf4 16. Qc4 Ng6 17. Neg5 Bf6 18. Qg4 Nce7 {0-1 (62) Achhammer,A (2126)-Gerl,H (1939) Bayern 2005}) 13. Ne4 Nd7 {Black got outplayed after the opening} 1/2-1/2

[Event "4NCL 2019-20"]
[Site "Daventry"]
[Date "2020.03.01"]
[Round "2"]
[White "Willow, Jonah B"]
[Black "Beerdsen, Thomas"]
[Result "1-0"]
[WhiteElo "2377"]
[BlackElo "2497"]
[Annotator "TA"]
[PlyCount "129"]
[EventDate "2020.01.11"]
[EventCountry "ENG"]
[SourceTitle "playchess.com"]
[Source "ChessBase"]
[SourceQuality "1"]

{[%evp 25,128,41,78,24,38,32,37,34,66,8,43,-15,34,6,47,8,23,-16,-16,-59,-8,-17,-9,-39,0,-28,72,72,73,55,198,199,205,173,527,523,522,507,620,622,617,614,614,590,573,621,618,609,1133,774,750,628,618,486,462,444,412,416,390,400,372,105,104,116,329,314,345,310,274,208,372,397,402,372,547,559,513,286,285,269,450,452,1008,993,1079,479,960,961,925,897,885,520,1280,1262,1685,554,989,392,357,0,948,859,29998,29999,29999]} 1. e4 c5 2. Nf3 e6 3. d4 cxd4 4. Nxd4 Nc6 5. Nc3 Qc7 6. Qd3 Nf6 7. Ndb5 Qb8 8. Qg3 d6 9. Be3 a6 10. Nd4 Qc7 11. f4 h5 12. Be2 Bd7 13. O-O Be7 {[#]} 14. Nb3 $146 {B84: Sicilian Scheveningen: 6 Be2 a6, lines without early Be3.} ({Much worse is} 14. Qxg7 Rg8 $11) (14. Rad1 $16) ({Predecessor:} 14. Bf3 Ng4 15. Bxg4 hxg4 16. Qxg4 Bf6 17. Nxc6 Bxc6 18. f5 d5 19. Bf4 Qb6+ 20. Kh1 Rh4 21. Qg3 O-O-O 22. e5 exf5 23. exf6 Rg4 24. Qd3 g6 25. h3 Rh8 26. Nxd5 {1-0 (24) Brkic,A (2585)-Horvath,A (2498) Biel 2016}) 14... Rc8 15. Rae1 b5 16. a3 {White is slightly better.} Qb8 17. Bf3 (17. f5 $14) 17... Kf8 18. Kh1 (18. h3 $14) 18... h4 19. Qf2 $1 Be8 20. Bc1 Bd8 21. Ne2 b4 22. Ned4 Kg8 (22... Nxd4 $15 23. Nxd4 bxa3) 23. Nxc6 $11 Bxc6 24. Nd4 Ba8 25. axb4 Qxb4 (25... Bb6 $1 $11 {keeps the balance.} 26. Qd2 Rc4) 26. c3 $36 {[%mdl 2048] White has strong initiative.} Qb6 27. e5 Nd5 (27... Bxf3 $1 $14 28. Qxf3 Nd7) 28. f5 $18 dxe5 29. fxe6 ({Not} 29. Rxe5 Bc7 $11) 29... Bf6 $2 (29... f6 {is tougher.}) 30. exf7+ Kf8 31. Bg4 Rb8 32. Ne6+ Kxf7 33. Ng5+ Kg8 34. Be6+ Kf8 35. Qf5 {aiming for Qg6.} h3 36. Nxh3 Ke7 37. Ng5 Qd6 38. Qg6 Rbf8 39. c4 Rh6 40. Qf5 Nc7 41. Rd1 Rfh8 42. h3 Rxh3+ 43. Nxh3 $2 (43. Qxh3 $18 {and the rest is easy.} Rxh3+ 44. Bxh3) 43... Qxe6 $16 44. Kg1 {Hoping for Qg6.} Qc6 $2 (44... Qxf5 $16 45. Rxf5 Ne6) 45. Rf2 $18 Ne6 46. b3 {Strongly threatening Ba3+.} ({Weaker is} 46. Bg5 Nxg5 47. Nxg5 Rh5 $11) 46... Nd4 47. Ba3+ Ke8 $2 (47... Kd8 48. Bb2 Qd7) 48. Qg6+ Kd8 {Black wants to play ...Rxh3.} 49. Ng5 {And now Nf7+ would win.} Kc8 (49... Kc7 {was worth a try.} 50. Nf7 Rh4 51. Bd6+ {[%mdl 64] Double Attack} Kb6 52. Bxe5 Bxe5 53. Nxe5 Qxg6 54. Nxg6 Re4) 50. Nf7 Rh4 51. Nd6+ Kb8 52. Nf5 Re4 $2 (52... Nxf5 53. Qxf5 Bb7 54. Bd6+ Ka8 55. Bxe5 Bc8) 53. Nxg7 Bh4 (53... Bd8 $142 54. Qxc6 Bxc6 55. Bd6+ Kc8) 54. Rf8+ Ka7 {[#]} 55. Qxc6 (55. Ne6 $142 $1 {[%mdl 512] White wants to mate with Qh7+.} Nxe6 (55... Qxe6 56. Bc5+) 56. Rf7+ Nc7 57. Rd6 Re1+ 58. Kh2 Qxg2+ 59. Qxg2 Bxg2 60. Kxg2 Re2+ 61. Kh3 $1 {[%mdl 512]}) 55... Ne2+ (55... Bxc6 $142 56. Bc5+ Kb7 57. Rf7+ Kb8 58. Ba7+ Kc8 59. Bxd4 exd4) 56. Kh1 {[%csl Gc6][%cal Rf8a8]} Bxc6 57. Bc5+ Kb7 58. Nf5 Rg4 (58... Ng3+ $142 59. Kh2 Nxf5 60. Rxf5 Rf4) 59. Rf7+ Kb8 60. Ne3 (60. Bd6+ $142 Ka8 {[#]} 61. Ra1 $1 {[%mdl 512]} Bxg2+ 62. Kh2 $1 {[%mdl 512]}) 60... Rg3 {[%cal Rg3h3]} 61. Rf8+ $2 (61. Bd6+ Ka8 62. Nd5 Bxd5 63. Rxd5) 61... Kb7 {[%cal Rg3h3]} 62. Rf7+ $2 (62. Nd5 Rg7 63. Rh8) 62... Kb8 $1 {[%cal Rg3h3]} 63. Nd5 {White threatens Ba7+ and mate.} Rg6 64. Ba7+ Kc8 65. Nb6# {Accuracy: White = 59%, Black = 37%.} 1-0

[Event "4NCL 2019-20"]
[Site "Daventry"]
[Date "2020.03.01"]
[Round "2"]
[White "Griffiths, Ryan Rhys"]
[Black "McDonald, Neil"]
[Result "0-1"]
[WhiteElo "2354"]
[BlackElo "2408"]
[Annotator "TA"]
[PlyCount "120"]
[EventDate "2020.01.11"]
[EventCountry "ENG"]
[SourceTitle "playchess.com"]
[Source "ChessBase"]
[SourceQuality "1"]

{[%evp 10,120,29,8,10,0,20,19,47,29,44,3,40,39,62,0,5,-1,0,-38,-45,-35,-12,-15,-10,-24,0,-31,-27,-63,-51,-70,-85,-95,-91,-145,-145,-142,-100,-115,-104,-48,-62,-129,-29,-209,-120,-177,-126,-196,-204,-198,-123,-113,-118,-196,-200,-232,-223,-282,-282,-197,-181,-295,-287,-335,-277,-374,-367,-466,-340,-362,-329,-547,-529,-495,-521,-576,-512,-717,-559,-562,-554,-675,-550,-29965,-29942,-5069,-541,-1037,-742,-1283,-1177,-1118,-653,-1375,-1341,-1213,-1053,-1899,-1845,-1640,-1572,-1163,-1171,-1827,-1738,-29980,-29981,-29982,-29983,-29965,-6440]} 1. d4 f5 2. Bg5 g6 3. Nc3 Bg7 4. e4 fxe4 5. Nxe4 d5 6. Ng3 c5 {A80: Dutch Defence: Unusual White second moves.} 7. Nf3 Nc6 {[%cal Rc5d4]} 8. dxc5 Qa5+ {The position is equal.} 9. c3 Qxc5 {[#]} 10. h4 $146 ({Predecessor:} 10. Bd3 Nf6 11. O-O O-O 12. Qd2 Bg4 13. b4 Qd6 14. b5 Na5 15. Bf4 Qc5 16. Ne5 {0-1 (41) Arkell,K (2464)-Rendle,T (2382) London 2009}) 10... Bg4 11. Be2 Nf6 12. Nd4 (12. Qa4 $14 Bd7 13. Rd1) 12... Nxd4 $11 13. cxd4 Bxe2 14. Qxe2 (14. Nxe2 $5 {[%cal Rd4c5]} Qb4+ 15. Qd2 Qxd2+ 16. Bxd2 $11) 14... Qxd4 15. O-O O-O 16. Rad1 Qb6 17. h5 e6 18. hxg6 (18. Be3 $5 {[%cal Re3b6]} Qd6 19. hxg6 $15) 18... hxg6 19. Rd3 Qa6 20. Rc1 Rac8 21. Rxc8 Rxc8 22. Bxf6 (22. Qe1 $142) 22... Bxf6 $17 23. Qe3 Kg7 24. Ra3 Qc6 25. Rxa7 Rc7 26. b4 (26. Ne2 $15) 26... Qc4 (26... d4 $17 27. Qe2 Qd5) 27. Ra8 $2 {[#]} (27. Qxe6 $11 {and White stays safe.} Qc1+ 28. Kh2) 27... Qg4 (27... d4 $1 $19 {[%cal Rd4e3]} 28. Qf3 Qxb4) 28. Ne2 (28. Nf1 $17) 28... d4 (28... Rc2 $19 29. Nf4 e5) 29. Qd3 (29. f3 $17) 29... Qf5 $19 30. Ra3 Qxd3 ({Black should play} 30... e5 $19 {White must now prevent ...e4.} 31. Qh3 Qxh3 32. gxh3 e4) 31. Rxd3 {[%mdl 4096] Endgame KRB-KRN} e5 32. f3 (32. Kf1 $17 {keeps fighting.}) 32... Rc2 33. Ng3 Rxa2 34. Rb3 Bg5 35. Ne4 Be3+ 36. Kh2 (36. Kf1 {is the only way for White.}) 36... b6 37. b5 Ra1 38. Nd6 {and the idea Nc4 leaves White hopeful.} Rc1 39. g3 Rc2+ 40. Kh3 Kf6 41. Kg4 $2 (41. Ne4+ {is a better defense.} Ke6 42. Rd3) 41... Ke6 42. Ne4 Kd5 43. Rd3 Kc4 44. Rd1 Kxb5 45. f4 exf4 46. gxf4 Kc4 47. f5 {[#]} gxf5+ $1 48. Kxf5 Rb2 (48... Rc1 $142 49. Nd2+ Bxd2 50. Rxd2 d3) 49. Nf6 Rf2+ 50. Ke5 d3 51. Ne4 Bd4+ 52. Ke6 Re2 53. Kf5 Bc5 54. Ke5 Bb4 55. Rc1+ Rc2 56. Rh1 Bc3+ 57. Kf4 d2 58. Nf2 Rc1 {Black mates.} 59. Nd1 Bd4 60. Ke4 b5 {Accuracy: White = 32%, Black = 69%.} 0-1

[Event "4NCL 2019-20"]
[Site "Daventry"]
[Date "2020.03.01"]
[Round "2"]
[White "Ledger, Andrew J"]
[Black "Navarro Cia, Miguel"]
[Result "1/2-1/2"]
[WhiteElo "2347"]
[BlackElo "2256"]
[Annotator "TA"]
[PlyCount "41"]
[EventDate "2020.01.11"]
[EventCountry "ENG"]
[SourceTitle "playchess.com"]
[Source "ChessBase"]
[SourceQuality "1"]

{[%evp 13,41,20,29,15,19,-32,-37,-22,-5,-7,-15,-30,-11,-29,-19,-19,-18,-24,-16,-16,-20,-48,-29,-52,-49,-47,-49,-61,-49,-104]} 1. e4 Nf6 2. e5 Nd5 3. d4 d6 4. Nf3 g6 5. Bc4 Nb6 6. Bb3 Bg7 7. Ng5 e6 $1 {7...e6 is better than 7...d5.} 8. f4 {B04: Alekhine's Defence: 4 Nf3.} dxe5 9. dxe5 (9. fxe5 $11 c5 10. O-O (10. dxc5 Qxd1+ 11. Kxd1 N6d7 $15)) 9... Qxd1+ $15 10. Kxd1 Bd7 11. Nc3 Bc6 12. Nge4 N8d7 13. Ke2 Nd5 14. Nxd5 {[#]} Bxd5 $146 ({Predecessor:} 14... exd5 15. Nc3 Nb6 16. Be3 O-O-O 17. Bd4 Nc4 18. a4 a6 19. Nd1 Rhe8 20. Kd3 b6 {1-0 (51) Mikulcik,L (2305)-Hudecek,J (2275) Czechia 1995}) 15. Bxd5 exd5 16. Ng5 O-O 17. Rd1 c6 18. Bd2 Rfe8 {And now ...f6 would win.Black is slightly better.} 19. Kf1 f6 20. exf6 Bxf6 21. h4 {Accuracy: White = 69%, Black = 100%.} ({White should try} 21. Rab1 $15) 1/2-1/2

[Event "4NCL 2019-20"]
[Site "Daventry"]
[Date "2020.03.01"]
[Round "2"]
[White "Taylor, Martin R"]
[Black "McPhillips, Joseph"]
[Result "1-0"]
[WhiteElo "2345"]
[BlackElo "2434"]
[Annotator "TA"]
[PlyCount "71"]
[EventDate "2020.01.11"]
[EventCountry "ENG"]
[SourceTitle "playchess.com"]
[Source "ChessBase"]
[SourceQuality "1"]

{[%evp 9,71,0,-8,-11,-8,-14,-13,0,-7,-22,16,18,60,55,58,38,57,71,71,55,61,65,113,106,116,104,115,100,107,105,127,127,114,123,131,132,122,112,105,107,105,105,107,105,112,110,107,110,131,60,158,129,197,189,266,314,318,262,224,157,29992,29993,29993,29994]} 1. d4 d6 2. e4 Nf6 3. f3 d5 4. e5 Nfd7 5. c4 dxc4 6. Bxc4 {B07: Pirc Defence: Miscellaneous Systems.} e6 7. f4 Nb6 8. Bb3 {The position is equal.} c5 9. Nf3 {[#]} cxd4 $146 ({Predecessor:} 9... Nc6 10. dxc5 Qxd1+ 11. Bxd1 Nd5 12. Ng5 Ncb4 13. O-O Bxc5+ 14. Kh1 b6 15. Nc3 Ba6 {0-1 (35) Padeiro,J (2284)-Oratovsky,M (2474) Famalicao 2018}) 10. Qxd4 Bd7 11. O-O Na6 {[#] Strongly threatening ...Bc5.} 12. Qf2 Nc5 13. Nc3 Nxb3 14. axb3 Be7 15. Be3 Nd5 16. Nxd5 exd5 17. Bxa7 O-O 18. Bc5 Rxa1 19. Rxa1 Bf5 20. Rd1 Be4 21. Ng5 Qc7 22. Bxe7 Qxe7 23. Nxe4 dxe4 $16 {[%mdl 4096] Endgame KQR-KQR} 24. Qd4 Qe6 25. Qxe4 Qxb3 26. Qd4 g6 27. h3 Rc8 28. Rd3 Qe6 29. Rc3 (29. Kh2 $16) 29... Ra8 (29... Rxc3 $14 30. bxc3 (30. Qxc3 h6 $16) 30... h5) 30. Kh2 h5 (30... Rc8 $16 {keeps fighting.} 31. Kg3 Rc6) 31. Qe4 Qb6 (31... Rb8 {might work better.} 32. Rc7 Qb6) 32. f5 $18 {Threatens to win with fxg6.} Ra1 33. fxg6 fxg6 34. Qc4+ Kf8 $2 {[#]} (34... Kg7 $16 35. Qc7+ Qxc7 36. Rxc7+ Kf8 37. Rxb7 Re1) 35. Rf3+ Ke7 36. Qf7+ {Accuracy: White = 86%, Black = 61%.} 1-0